000 00448nam a2200181Ia 4500
005 20240521101737.0
008 131103s9999 xx 000 0 und d
040 _aLoreto College
041 _aEnglish
082 _a510
_bTHO
100 _aThompson, H. a.
245 _aColour - factor mathematics
_cH. A. Thompson
260 _aLondon
_bHeinemann
_c1963
300 _a94p.
650 _aMathematics
850 _aLCBED/510/THO
942 _cBK
999 _c28508
_d78987